Future warfare : (Record no. 16166)

000 -LEADER
fixed length control field 00936nam a2200313 a 4500
001 - CONTROL NUMBER
control field ASIN1584870265
005 - DATE AND TIME OF LATEST TRANSACTION
control field 20170105102934.0
008 - FIXED-LENGTH DATA ELEMENTS--GENERAL INFORMATION
fixed length control field 150707s2000 xxu eng d
020 ## - INTERNATIONAL STANDARD BOOK NUMBER
International Standard Book Number 1584870265 (loose leaf)
020 ## - INTERNATIONAL STANDARD BOOK NUMBER
International Standard Book Number 9781584870265 (loose leaf)
040 ## - CATALOGING SOURCE
Original cataloging agency 0
050 04 - LIBRARY OF CONGRESS CALL NUMBER
Classification number UA23
082 04 - DEWEY DECIMAL CLASSIFICATION NUMBER
Classification number 355.033073
Author Mark SCA 2000
100 1# - MAIN ENTRY--PERSONAL NAME
Personal name Scales, Robert H.
245 10 - TITLE STATEMENT
Title Future warfare :
Remainder of title anthology /
Statement of responsibility, etc. Robert H Scales.
250 ## - EDITION STATEMENT
Edition statement Revised.
260 ## - PUBLICATION, DISTRIBUTION, ETC.
Place of publication, distribution, etc. [S.l.] :
Name of publisher, distributor, etc. U.S. Army War College,
Date of publication, distribution, etc. 2000.
300 ## - PHYSICAL DESCRIPTION
Extent 301 p. ;
Dimensions 27 cm.
650 #0 - SUBJECT ADDED ENTRY--TOPICAL TERM
Topical term or geographic name entry element Armed Forces--Forecasting
650 #0 - SUBJECT ADDED ENTRY--TOPICAL TERM
Topical term or geographic name entry element Armed Forces--Operational readiness
650 #0 - SUBJECT ADDED ENTRY--TOPICAL TERM
Topical term or geographic name entry element Maneuver warfare
650 #0 - SUBJECT ADDED ENTRY--TOPICAL TERM
Topical term or geographic name entry element Military planning
650 #0 - SUBJECT ADDED ENTRY--TOPICAL TERM
Topical term or geographic name entry element Military policy
650 #0 - SUBJECT ADDED ENTRY--TOPICAL TERM
Topical term or geographic name entry element Strategy
650 #0 - SUBJECT ADDED ENTRY--TOPICAL TERM
Topical term or geographic name entry element Twenty-first century
650 #0 - SUBJECT ADDED ENTRY--TOPICAL TERM
Topical term or geographic name entry element United States
856 40 - ELECTRONIC LOCATION AND ACCESS
Materials specified Amazon.com
Uniform Resource Identifier <a href="http://www.amazon.com/exec/obidos/ASIN/1584870265/chopaconline-20">http://www.amazon.com/exec/obidos/ASIN/1584870265/chopaconline-20</a>
942 ## - ADDED ENTRY ELEMENTS (KOHA)
Source of classification or shelving scheme
Koha item type Book
Holdings
Withdrawn status Lost status Damaged status Not for loan Collection code Permanent Location Current Location Shelving location Date acquired Total Checkouts Full call number Barcode Date last seen Price effective from Koha item type
          Centre for International Peace & Stability (CIPS) Centre for International Peace & Stability (CIPS) General Stacks 07/07/2015   355.033073 SCA 2000 CIPSD0000199 07/07/2015 07/07/2015 Book
© 2023 Central Library, National University of Sciences and Technology. All Rights Reserved.